000 00429nam a2200145Ia 4500
008 151021s9999 xx 000 0 und d
020 _a9.7800773548e+012
050 _aQD 251.3 .C37 2011
245 _a_Organic Chemistry (8th ed.) / Francis A. Carey
260 _aNew York : McGraw Hill, 2011
500 _aIncludes index
650 _a_Chemistry
700 _a_Giuliano Robert M.
980 _a^d20110725 10:38:44^okilerai
999 _c7481
_d7481